000 00867nam a22002177a 4500
010 _aB-768742-755 ENG-147169 BACEN25
020 _a9789363898233
_c1595.00
035 _aB-768742-755
035 _aEN-130701
037 _bKunal Books
037 _bDBAD
_aDPL
082 _a320.5
_21
100 _aPataik, Saroj Kumar
_985810
245 _aPolitical Thought:
_bFrom Plato to Aredt/
_cBy Saroj Kumar Pataik
250 _a1
260 _aNew Delhi
_bKunal Books
_c2024
270 _a4648/21, 1st Floor, Ansari Road, Daryaganj,
_bNew Delhi
_e110002
_k9811043697
_mkunalbooks@gmail.com
300 _a358p.
_b24cm(hb)
942 _2ddc
_cEN
_h320.5
_mPAT
999 _c209264
_d209264